LEADER 01008nam a2200241 i 4500 001 000000112787 003 CaOOAMICUS 005 20030301000000.0 008 030301s1976 it u000 u ita u 013 $a85471 040 $aSeMil$bita 245 12$aL'alba della logica :$bil pensiero logico greco: testi e interpretazioni /$ca cura di Piero Simondo. 260 $aTorino :$bSEI,$c1976. 300 $a279 p. ;$c19 cm. 500 $aContiene : Nota Bibliografica. 650 4$aFilosofia greca.$0(OLS)http://semarc/subject/357 650 4$aLogica - Filosofia.$0(OLS)http://semarc/subject/2012 700 1 $aSimondo, Piero.$0(OLS)http://semarc/name/47207 850 $aSeMil 852 $aSeMil$W1$xVenegono$y1$m54 20 2 *$j68504$B68504$CSeMilBibl$Z2$F74399 $81 961 $aRecupero: Biblioteca Seminario Liceale 996 $6245$aL'alba della logica :$bil pensiero logico greco: testi e interpretazioni$9(OLS)http://semarc/title/164474 996 $6260$aTorino :$bSEI$9(OLS)http://semarc/publisher/29848 LEADER 01660nam a2200301 i 4500 001 000000122797 003 CaOOAMICUS 005 20040210000000.0 008 040210s2004 fr u000 u fre u 013 $a95492 020 $a2-85021-153-9 040 $aSeMil$bita 100 1 $aGaruti, Paolo,$c.$0(OLS)http://semarc/name/51034 245 10$a"Apostolica Romana Quaedam" :$bétudes philologiques sur le Nouveau Testament dans le monde gréco-romain revues et traduites en collaboration avec Claire Balandier et dédiées à Marie-Émile Boismard /$cpar Paolo Garuti. 260 $aParis :$bGabalda,$c2004. 300 $a276 p. ;$c24 cm. 490 0 $aÉtudes bibliques. Nouvelle série [Lecoffre]$ ;$v51 500 $aContiene : Bibliographie. 650 4$aBibbia - NT - Mondo greco romano - Studi.$0(OLS)http://semarc/subject/2475 700 1 $aBoismard, Marie-Émile,$c.$0(OLS)http://semarc/name/879 700 1 $aBalandier, Claire <1968- >.$0(OLS)http://semarc/name/3057 830 0$aÉtudes bibliques. Nouvelle série [Gabalda ; Peeters] ;$v51.$0(OLS)http://semarc/title/275 850 $aSeMil 852 $aSeMil$W1$xVenegono$y1$m2Y IV 195$j77689$B77689$CSeMilBibl$Z2$F79749 $81 961 $aSottoscrizione: Gabalda 996 $6020$a2-85021-153-9$9(OLS)http://semarc/number/108467 996 $6245$a"Apostolica Romana Quaedam" :$bétudes philologiques sur le Nouveau Testament dans le monde gréco-romain revues et traduites en collaboration avec Claire Balandier et dédiées à Marie-Émile Boismard$9(OLS)http://semarc/title/180794 996 $6260$aParis :$bGabalda$9(OLS)http://semarc/publisher/29624